000 00717nam a2200217Ii 4500
003 JO-AjNU
008 230605s9999||||xx |||||||||||||| ||und||
017 _a2005/10/2537
040 _aJO-AjNU
_bara
_erda
_cJO-AjNU
041 _aara
050 1 4 _aBJ129.L32.2006
100 3 _aاللبدي،ردينة وصفي,
_eauthor
_923352
245 0 0 _aرسالة الى ابنائي
250 _aط2
264 3 1 _aعمان:دار الفرقان للنشر والتوزيع ، 2006
300 _a254ص
336 _atext
_btxt
_2rdacontent
337 _aunmediated
_bn
_2rdamedia
338 _avolume
_bnc
_2rdacarrier
650 4 _aالاداب الاسلامية-الثقافة الاسلامية-الاسلام
_923353
999 _aA8435
_c12003
_d12003